<?xml version="1.0" encoding="UTF-8"?>
<marc:record xmlns:marc="http://www.loc.gov/MARC21/slim">
   <marc:leader>00000nam a2200000 a 4500</marc:leader>
   <marc:datafield ind1=" " ind2=" " tag="653">
      <marc:subfield code="a">ab 6 Jahren</marc:subfield>
   </marc:datafield>
   <marc:datafield ind1=" " ind2=" " tag="653">
      <marc:subfield code="a">Teil einer Reihe</marc:subfield>
   </marc:datafield>
   <marc:datafield ind1="0" ind2="0" tag="245">
      <marc:subfield code="a">Arceus und das Juwel des Lebens</marc:subfield>
   </marc:datafield>
   <marc:datafield ind1=" " ind2="1" tag="264">
      <marc:subfield code="b">polyband Medien GmbH</marc:subfield>
      <marc:subfield code="c">2023</marc:subfield>
   </marc:datafield>
   <marc:datafield ind1="1" ind2=" " tag="490">
      <marc:subfield code="a">Pokémon</marc:subfield>
   </marc:datafield>
   <marc:datafield ind1="1" ind2=" " tag="520">
      <marc:subfield code="a">Eine unerzählte Geschichte. Eine entfesselte Legende.Vor langer Zeit lieh Arceus Michina Town in einer Zeit der Not einen Teil seiner Macht in Form des Juwels des Lebens. Doch als es diese Macht zurückerhalten sollte, wurde es betrogen. Nach vielen Jahren ist Arceus nun wütend und voller Rachsucht zurückgekehrt, um das gestohlene Juwel mit scheinbar unaufhaltsamer Macht zurückzufordern. Noch nicht einmal die gemeinsame Kraft von Dialga, Palkia und Giratina kann Arceus davon abhalten, die Welten mehrerer Dimensionen zu zerstören. Aber Ash und seine Freunde haben gemeinsam mit ihrer neuen Freundin Shiina vielleicht die einzige Möglichkeit gefunden, den Betrug der Vergangenheit wiedergutzumachen. Ihre Reise ist gefährlich ungewiss wird es Ash und seinen Freunden gelingen, einen alten Fehler zu beheben und das Juwel des Lebens zurückzugeben, bevor die Welt und damit alle, die sie kennen unter der Macht von Arceus Zorn zerbirst?&#xD;
FSK ab 0 freigegeben</marc:subfield>
   </marc:datafield>
   <marc:datafield ind1="3" ind2=" " tag="024">
      <marc:subfield code="a">4006448772178</marc:subfield>
   </marc:datafield>
   <marc:datafield ind1=" " ind2=" " tag="041">
      <marc:subfield code="a">ger</marc:subfield>
   </marc:datafield>
   <marc:datafield ind1="0" ind2=" " tag="490">
      <marc:subfield code="v">0</marc:subfield>
   </marc:datafield>
   <marc:datafield ind1=" " ind2=" " tag="338">
      <marc:subfield code="a">DVD-Video</marc:subfield>
   </marc:datafield>
   <marc:datafield ind1=" " ind2=" " tag="300">
      <marc:subfield code="a">1 DVD</marc:subfield>
   </marc:datafield>
</marc:record>
